LEADER 03638nam 22006492 450 001 9910790137303321 005 20151005020623.0 010 $a1-139-33428-X 010 $a1-107-22882-4 010 $a1-280-39404-8 010 $a9786613571960 010 $a1-139-33770-X 010 $a1-139-34015-8 010 $a1-139-33683-5 010 $a1-139-34173-1 010 $a1-139-33857-9 010 $a0-511-89487-2 035 $a(CKB)2670000000172027 035 $a(EBL)866901 035 $a(OCoLC)792684514 035 $a(SSID)ssj0000622519 035 $a(PQKBManifestationID)11388585 035 $a(PQKBTitleCode)TC0000622519 035 $a(PQKBWorkID)10642790 035 $a(PQKB)11285161 035 $a(UkCbUP)CR9780511894879 035 $a(MiAaPQ)EBC866901 035 $a(Au-PeEL)EBL866901 035 $a(CaPaEBR)ebr10558166 035 $a(CaONFJC)MIL357196 035 $a(EXLCZ)992670000000172027 100 $a20101119d2012|||| uy| 0 101 0 $aeng 135 $aur||||||||||| 181 $ctxt$2rdacontent 182 $cc$2rdamedia 183 $acr$2rdacarrier 200 00$aRe-imagining the trust $etrusts in civil law /$fedited by Lionel Smith$b[electronic resource] 210 1$aCambridge :$cCambridge University Press,$d2012. 215 $a1 online resource (vii, 284 pages) $cdigital, PDF file(s) 300 $aTitle from publisher's bibliographic system (viewed on 05 Oct 2015). 311 $a1-107-01132-9 320 $aIncludes bibliographical references and index. 327 $aIntroduction / Lionel Smith -- Reflections regarding the diversity of ways in which the trust has been received or adapted in civil law countries / Madeleine Cantin Cumyn -- Recognition of common law trusts in civil law jurisdictions under the Hague trusts convention with particular regard to the Italian experience / Michele Graziadei -- Express trusts in Israel/Palestine : a pluralist trusts regime and its history -- Adam Hofri-Winogradow -- Truth and reconciliation : notions of property in Louisiana's civil and trust codes / Michael McAuley -- Trust laws in China : history, ambiguity and beneficiary's rights / Lusina Ho -- The French fiducie, or the chaotic awakening of a sleeping beauty / Francois Barriere -- The re-imagined trust / Lionel Smith. 330 $aAlthough the trust is generally seen as a creation of the common law tradition, modern civilian systems are increasingly interested in incorporating the trust institution. This collection of essays explores multiple civilian experiences with the trust. The reform of Quebec's trust institution attracted worldwide attention in 1994. Louisiana's 1964 Trust Code stands in an uneasy relationship with its general law of property. Israel has had a fascinating pluralist experience of multiples trusts. The People's Republic of China passed a Trust Law in 2001 and the development of the trust in this important economy is a matter of great interest and some controversy. France adopted a trust in 2007, and in Italy, trusts can be created through the choice of foreign governing law, under the Hague Trusts Convention. The concluding chapter draws conclusions from all the essays and sets out challenges for future research in the comparative law of trusts. 606 $aTrusts and trustees 606 $aCivil law systems 615 0$aTrusts and trustees. 615 0$aCivil law systems. 676 $a346.05/9 702 $aSmith$b Lionel D. 801 0$bUkCbUP 801 1$bUkCbUP 906 $aBOOK 912 $a9910790137303321 996 $aRe-imagining the trust$93675826 997 $aUNINA LEADER 02899nas 2200961-a 450 001 996200066403316 005 20240111213018.0 011 $a1876-7621 035 $a(DE-599)ZDB2422358-X 035 $a(OCoLC)225987051 035 $a(CKB)1000000000295008 035 $a(CONSER)--2008233326 035 $a(EXLCZ)991000000000295008 100 $a20080423a20089999 s-- - 101 0 $aeng 135 $aur||||||||||| 181 $ctxt$2rdacontent 182 $cc$2rdamedia 183 $acr$2rdacarrier 200 00$aDiagnostic histopathology 210 $a[Oxford] $cElsevier$d2008- 215 $a1 online resource 300 $aRefereed/Peer-reviewed 311 $a1756-2317 606 $aHistology, Pathological$vPeriodicals 606 $aCytodiagnosis$vPeriodicals 606 $aDiagnosis, Laboratory$vPeriodicals 606 $aPathology$vPeriodicals 606 $aHistology$xTechnique$vPeriodicals 606 $aCytodiagnosis 606 $aHistology 606 $aHistology$xTechnique 606 $aCytodiagnosis 606 $aHistology 606 $aHistological Techniques 606 $aPathology 606 $aHistopathologie$vPériodiques 606 $aPathologie$vPériodiques 606 $aCytodiagnostics$vPériodiques 606 $aDiagnostics biologiques$vPériodiques 606 $aHistologie$xTechnique$vPériodiques 606 $aCytodiagnostics 606 $aHistologie 606 $aHistologie$xTechnique 606 $aHistology$xTechnique$2fast$3(OCoLC)fst00957674 606 $aHistology$2fast$3(OCoLC)fst00957668 606 $aCytodiagnosis$2fast$3(OCoLC)fst00886255 606 $aDiagnosis, Laboratory$2fast$3(OCoLC)fst00892307 606 $aHistology, Pathological$2fast$3(OCoLC)fst00957675 606 $aPathology$2fast$3(OCoLC)fst01054964 608 $aPeriodicals.$2fast 608 $aPeriodicals.$2lcgft 615 0$aHistology, Pathological 615 0$aCytodiagnosis 615 0$aDiagnosis, Laboratory 615 0$aPathology 615 0$aHistology$xTechnique 615 0$aCytodiagnosis. 615 0$aHistology. 615 0$aHistology$xTechnique. 615 12$aCytodiagnosis 615 12$aHistology 615 22$aHistological Techniques 615 22$aPathology 615 6$aHistopathologie 615 6$aPathologie 615 6$aCytodiagnostics 615 6$aDiagnostics biologiques 615 6$aHistologie$xTechnique 615 6$aCytodiagnostics. 615 6$aHistologie. 615 6$aHistologie$xTechnique. 615 7$aHistology$xTechnique. 615 7$aHistology. 615 7$aCytodiagnosis. 615 7$aDiagnosis, Laboratory. 615 7$aHistology, Pathological. 615 7$aPathology. 676 $a616.07/582 906 $aJOURNAL 912 $a996200066403316 996 $aDiagnostic histopathology$91899254 997 $aUNISA